[Event "Malbork-ch"]
[Site "Malbork"]
[Date "2000.??.??"]
[Round "?"]
[White "Dabrowski, Wojciech"]
[Black "Gozdziejewski, Karol"]
[Result "1-0"]
[WhiteElo "2205"]
[BlackElo "1800"]
[PlyCount "61"]
[EventDate "2000.??.??"]
[EventType "swiss"]
[EventRounds "9"]
[EventCountry "POL"]
[SourceTitle "EXT 2005"]
[Source "ChessBase"]
[SourceDate "2004.11.15"]
[SourceVersion "1"]
[SourceVersionDate "2004.11.15"]
[SourceQuality "1"]

1. d4 Nf6 2. Nf3 e6 3. c4 c5 4. g3 cxd4 5. Bg2 Be7 6. 0-0 0-0 7. Nxd4 a6 8. Nc3 Qc7 9. Qd3 d6 10. b3 Nbd7 11. Bb2 Ne5 12. Qd2 Qa5 13. Rfd1 Neg4 14. Nd5 Qd8 15. Nxe7+ Qxe7 16. h3 Nh6 17. Nc2 Rd8 18. e4 e5 19. Ba3 Ne8 20. c5 d5 21. exd5 Qf6 22. d6 Nf5 23. Bb2 Rb8 24. Ne3 b6 25. Nd5 Qe6 26. Nxb6 Nfxd6 27. Nxc8 Rbxc8 28. cxd6 Rxd6 29. Qe3 Rdc6 30. Bxc6 Qxc6 31. Rac1 1-0

[Event "Malbork-ch"]
[Site "Malbork"]
[Date "1999.??.??"]
[Round "?"]
[White "Szymczak, Zbigniew"]
[Black "Dabrowski, Wojciech"]
[Result "1-0"]
[WhiteElo "2295"]
[BlackElo "2206"]
[PlyCount "83"]
[EventDate "1999.??.??"]
[EventType "swiss"]
[EventRounds "9"]
[EventCountry "POL"]
[SourceTitle "EXT 2003"]
[Source "ChessBase"]
[SourceDate "2002.11.25"]
[SourceVersion "1"]
[SourceVersionDate "2002.11.25"]
[SourceQuality "1"]

1. d4 Nf6 2. c4 c5 3. d5 b5 4. Nf3 e6 5. Bg5 Qa5+ 6. Qd2 Qxd2+ 7. Nbxd2 exd5 8. Bxf6 gxf6 9. cxd5 d6 10. e4 Bd7 11. a4 bxa4 12. Bd3 Bg7 13. Nc4 Ke7 14. Nh4 f5 15. Nxf5+ Bxf5 16. exf5 Nd7 17. Rxa4 Nb6 18. Ra2 Nxd5 19. Kd2 Bh6+ 20. Kd1 Nb4 21. Re1+ Kd7 22. Ra3 Bg7 23. Bc2 Bf6 24. Rh3 h6 25. f4 Rab8 26. Rhe3 a6 27. R1e2 Kc7 28. Rd2 Bd4 29. Rh3 d5 30. Ne5 f6 31. Ng6 Rh7 32. Ba4 Nc6 33. b3 Re8 34. Re2 Rxe2 35. Kxe2 Ne7 36. Nf8 Rh8 37. Ne6+ Kd6 38. g4 Bb2 39. Ng7 Kc7 40. Re3 Nc8 41. Ne8+ Kb6 42. Nxf6 1-0

[Event "Krynica op-A"]
[Site "Krynica"]
[Date "1998.??.??"]
[Round "?"]
[White "Chernyshov, Konstantin"]
[Black "Dabrowski, Wojciech"]
[Result "1-0"]
[WhiteElo "2485"]
[BlackElo "2240"]
[PlyCount "77"]
[EventDate "1998.??.??"]
[EventType "swiss"]
[EventRounds "11"]
[EventCountry "POL"]
[SourceTitle "EXT 2002"]
[Source "ChessBase"]
[SourceDate "2001.11.25"]
[SourceVersion "1"]
[SourceVersionDate "2001.11.25"]
[SourceQuality "1"]

1. f4 d5 2. Nf3 Nc6 3. b3 Bg4 4. Bb2 d4 5. g3 e5 6. fxe5 Bc5 7. Bg2 Nge7 8. b4 Bxb4 9. c3 Bxf3 10. Bxf3 Bc5 11. Qa4 0-0 12. Qc4 Bb6 13. cxd4 Bxd4 14. Bxd4 Qxd4 15. Qxd4 Nxd4 16. Be4 f5 17. exf6 Rxf6 18. Nc3 Rd8 19. 0-0-0 Rf2 20. e3 Nf3 21. Rdf1 Rxf1+ 22. Rxf1 Nxh2 23. Rh1 Ng4 24. Bxh7+ Kf7 25. Bc2 Nf6 26. Rf1 Ke6 27. Bb3+ Kd7 28. Rf4 c6 29. g4 Ng6 30. Rf5 Ne7 31. Rg5 g6 32. Ne2 Ne4 33. Ra5 a6 34. Nf4 Rh8 35. Re5 Nf2 36. Rxe7+ Kxe7 37. Nxg6+ Kf6 38. Nxh8 Nxg4 39. Nf7 1-0

[Event "Krynica op-A"]
[Site "Krynica"]
[Date "1998.??.??"]
[Round "?"]
[White "Dabrowski, Wojciech"]
[Black "Krasenkova, Ilena"]
[Result "1/2-1/2"]
[WhiteElo "2240"]
[BlackElo "2265"]
[PlyCount "121"]
[EventDate "1998.??.??"]
[EventType "swiss"]
[EventRounds "11"]
[EventCountry "POL"]
[SourceTitle "EXT 2002"]
[Source "ChessBase"]
[SourceDate "2001.11.25"]
[SourceVersion "1"]
[SourceVersionDate "2001.11.25"]
[SourceQuality "1"]

1. e4 c5 2. Nf3 Nc6 3. d4 cxd4 4. Nxd4 Nf6 5. Nc3 e5 6. Ndb5 d6 7. Bg5 a6 8. Na3 b5 9. Bxf6 gxf6 10. Nd5 f5 11. Bd3 Be6 12. Qh5 Rg8 13. g3 Bxd5 14. exd5 Rg5 15. Qxh7 Nd4 16. 0-0-0 Qf6 17. c3 Nf3 18. Kb1 Bh6 19. h4 Rg6 20. g4 Rxg4 21. Bxf5 Rxh4 22. Bg4 Bf8 23. Rxh4 Nxh4 24. Nc2 Ng6 25. Ne3 Ra7 26. Bf5 Ne7 27. Rg1 Rc7 28. Be4 Qh6 29. Ng4 Qxh7 30. Nf6+ Kd8 31. Nxh7 Bh6 32. Nf6 Rc4 33. Kc2 a5 34. Kd3 Rc5 35. Rg4 Bc1 36. b3 Bh6 37. Rg1 Rc8 38. a3 Kc7 39. c4 bxc4+ 40. Kxc4 Kb8+ 41. Kd3 Rc1 42. Rg4 Rd1+ 43. Kc3 Rc1+ 44. Kd3 Ra1 45. Kc3 a4 46. Bd3 Rxa3 47. Rb4+ Ka7 48. Rxa4+ Rxa4 49. bxa4 Bg5 50. Ne4 Nxd5+ 51. Kc4 Nb6+ 52. Kb5 Be7 53. a5 Nc8 54. Kc6 f5 55. Nc3 e4 56. Bc4 Bf6 57. Nb5+ Kb8 58. Be6 Bh4 59. Bxc8 Kxc8 60. Nxd6+ Kb8 61. Nxf5 1/2-1/2

[Event "Krynica op-A"]
[Site "Krynica"]
[Date "1998.??.??"]
[Round "?"]
[White "Dabrowski, Wojciech"]
[Black "Spicak, Krzysztof"]
[Result "0-1"]
[WhiteElo "2240"]
[BlackElo "2085"]
[PlyCount "122"]
[EventDate "1998.??.??"]
[EventType "swiss"]
[EventRounds "11"]
[EventCountry "POL"]
[SourceTitle "EXT 2002"]
[Source "ChessBase"]
[SourceDate "2001.11.25"]
[SourceVersion "1"]
[SourceVersionDate "2001.11.25"]
[SourceQuality "1"]

1. e4 c5 2. Nf3 Nc6 3. d4 cxd4 4. Nxd4 Qb6 5. Nb3 Nf6 6. Nc3 e6 7. Be3 Qc7 8. Bd3 a6 9. f4 d6 10. Qf3 h5 11. 0-0-0 Nb4 12. Rhe1 Bd7 13. Kb1 0-0-0 14. h3 Bc6 15. Qf2 Nxd3 16. cxd3 Nd7 17. Rc1 Nc5 18. Nxc5 dxc5 19. d4 b5 20. d5 exd5 21. Nxd5 Bxd5 22. exd5 Rxd5 23. Qf3 Qb7 24. f5 c4 25. Qg3 Rd3 26. Qe5 Rd5 27. Qg3 Bb4 28. Qxg7 Rhd8 29. Re2 Re8 30. Bd2 Rxe2 31. Bxb4 Rd8 32. Ka1 Rxg2 33. Qf6 Rg3 34. Ba5 Re8 35. Qd6 Rxh3 36. a3 Rh1 37. Rxh1 Qxh1+ 38. Ka2 Qb7 39. f6 h4 40. Qf4 Qc6 41. Qxh4 Re6 42. Bc3 Kb7 43. Qd4 Re8 44. Qf2 Rd8 45. Qf5 Rd7 46. Qf2 Qd5 47. Qf4 a5 48. Qf2 Ka6 49. Qe1 b4 50. axb4 axb4 51. Bxb4 c3+ 52. Kb1 Qd3+ 53. Kc1 c2 54. Bd2 Rd6 55. Qf2 Rc6 56. Qf4 Qb5 57. Qf3 Qa4 58. Bc3 Kb7 59. Qd5 Qc4 60. Qf3 Qb3 61. Qf4 Rb6 0-1

[Event "Krynica op-A"]
[Site "Krynica"]
[Date "1998.??.??"]
[Round "?"]
[White "Lagowski, Patryk"]
[Black "Dabrowski, Wojciech"]
[Result "0-1"]
[WhiteElo "2020"]
[BlackElo "2240"]
[PlyCount "53"]
[EventDate "1998.??.??"]
[EventType "swiss"]
[EventRounds "11"]
[EventCountry "POL"]
[SourceTitle "EXT 2002"]
[Source "ChessBase"]
[SourceDate "2001.11.25"]
[SourceVersion "1"]
[SourceVersionDate "2001.11.25"]
[SourceQuality "1"]

1. d4 Nf6 2. c4 c5 3. d5 b5 4. cxb5 a6 5. bxa6 Bxa6 6. Nc3 d6 7. f4 g6 8. Nf3 Bg7 9. e4 Bxf1 10. Rxf1 0-0 11. e5 dxe5 12. fxe5 Ng4 13. Qe2 Nd7 14. e6 Nde5 15. Ng5 fxe6 16. Nxe6 Rxf1+ 17. Kxf1 Qd6 18. Bf4 Bh6 19. Bxh6 Nxh6 20. Re1 Neg4 21. h3 Rf8+ 22. Nxf8 Qf4+ 23. Qf3 Nh2+ 24. Ke2 Nxf3 25. gxf3 Kxf8 26. Ne4 Nf5 27. Kd3 0-1

[Event "POL-chT2"]
[Site "Augustow"]
[Date "1997.??.??"]
[Round "?"]
[White "Grycel, Kamil"]
[Black "Dabrowski, Wojciech"]
[Result "0-1"]
[WhiteElo "2005"]
[BlackElo "2245"]
[PlyCount "71"]
[EventDate "1997.??.??"]
[EventType "team"]
[EventRounds "9"]
[EventCountry "POL"]
[SourceTitle "EXT 2003"]
[Source "ChessBase"]
[SourceDate "2002.11.25"]
[SourceVersion "1"]
[SourceVersionDate "2002.11.25"]
[SourceQuality "1"]

1. d4 Nf6 2. c4 c5 3. d5 b5 4. cxb5 a6 5. b6 Qxb6 6. Nc3 d6 7. e4 g6 8. a4 Bg7 9. a5 Qc7 10. Nf3 Bg4 11. Be2 0-0 12. 0-0 Nbd7 13. Nd2 Bxe2 14. Qxe2 Rfb8 15. Nc4 Ne8 16. Na4 Rb5 17. Nab6 Rb8 18. f4 Nxb6 19. axb6 Qb7 20. Ra2 Nf6 21. Bd2 Nd7 22. Ba5 Bd4+ 23. Kh1 Nf6 24. Qd3 Qd7 25. Bc3 Rb3 26. Rxa6 Nxe4 27. Ne5 Qb5 28. Qxb5 Rxb5 29. Bxd4 cxd4 30. Nc4 d3 31. Kg1 Rb4 32. b3 Rxb3 33. Rfa1 Kg7 34. Kf1 Rb4 35. R6a4 Rxc4 36. Rxc4 0-1

[Event "POL-chT2"]
[Site "Augustow"]
[Date "1997.??.??"]
[Round "?"]
[White "Pikulska, Agnieszka"]
[Black "Dabrowski, Wojciech"]
[Result "0-1"]
[WhiteElo "1870"]
[BlackElo "2245"]
[PlyCount "56"]
[EventDate "1997.??.??"]
[EventType "team"]
[EventRounds "9"]
[EventCountry "POL"]
[SourceTitle "EXT 2003"]
[Source "ChessBase"]
[SourceDate "2002.11.25"]
[SourceVersion "1"]
[SourceVersionDate "2002.11.25"]
[SourceQuality "1"]

1. e4 c5 2. Nf3 d6 3. d4 cxd4 4. Nxd4 Nf6 5. Nc3 Nc6 6. Bg5 e6 7. Qd2 Be7 8. 0-0-0 0-0 9. Nb3 d5 10. Bxf6 Bxf6 11. exd5 Bxc3 12. Qxc3 exd5 13. Kb1 Re8 14. Bc4 Be6 15. Nc5 Rc8 16. Nxe6 fxe6 17. Bb3 b5 18. Qh3 a5 19. c3 Qf6 20. Rhe1 b4 21. Rc1 bxc3 22. Rxc3 Nd4 23. Rxc8 Rxc8 24. Qe3 Qf5+ 25. Ka1 Rc4 26. Qg3 a4 27. Qb8+ Kf7 28. Bxa4 Rxa4 0-1

[Event "Cappelle op 11th"]
[Site "Cappelle la Grande"]
[Date "1995.??.??"]
[Round "5"]
[White "Williams, Simon Kim"]
[Black "Dabrowski, Wojciech"]
[Result "1-0"]
[WhiteElo "2225"]
[BlackElo "2200"]
[PlyCount "59"]
[EventDate "1995.03.??"]
[EventType "swiss"]
[EventRounds "9"]
[EventCountry "FRA"]
[SourceTitle "EXT 1997"]
[Source "ChessBase"]
[SourceDate "1996.11.15"]
[SourceVersion "1"]
[SourceVersionDate "1996.11.15"]
[SourceQuality "1"]

1. c4 c5 2. Nc3 e5 3. g3 g6 4. Bg2 Bg7 5. d3 d6 6. Rb1 a5 7. e3 Nf6 8. Nge2 Nc6 9. 0-0 Nd7 10. Nb5 Nb6 11. Nec3 Be6 12. Nd5 0-0 13. Nxd6 Nxd5 14. Nxb7 Nxe3 15. Nxd8 Nxd1 16. Nxc6 Ra6 17. Rxd1 Kh8 18. Ne7 Rd8 19. Nd5 Rad6 20. Be3 Rc6 21. b3 Bf8 22. Bd2 Ra6 23. Bc3 Bg7 24. Nc7 Ra7 25. Nb5 Ra6 26. Bb7 Rda8 27. Bxa8 Rxa8 28. Nc7 Ra7 29. Nxe6 fxe6 30. Re1 1-0

[Event "Plock op rapid"]
[Site "Plock"]
[Date "1994.??.??"]
[Round "9"]
[White "Dabrowski, Wojciech"]
[Black "Maciejewski, Miroslaw"]
[Result "0-1"]
[WhiteElo "2210"]
[BlackElo "2395"]
[PlyCount "23"]
[EventDate "1994.??.??"]
[EventType "swiss"]
[EventRounds "9"]
[EventCountry "POL"]
[SourceTitle "EXT 1998"]
[Source "ChessBase"]
[SourceDate "1997.11.17"]
[SourceVersion "1"]
[SourceVersionDate "1997.11.17"]
[SourceQuality "1"]

1. e4 c5 2. Nf3 e6 3. d4 cxd4 4. Nxd4 Nf6 5. Nc3 Nc6 6. Ndb5 Bb4 7. a3 Bxc3+ 8. Nxc3 d5 9. exd5 exd5 10. Bd3 d4 11. Ne4 Nxe4 12. Bxe4 0-1